|
|
|
|
| LEADER |
00000cam a22000004a 4500 |
| 001 |
musev2_43153 |
| 003 |
MdBmJHUP |
| 005 |
20230905044523.0 |
| 006 |
m o d |
| 007 |
cr||||||||nn|n |
| 008 |
731001s1973 azu o 00 0 eng d |
| 020 |
|
|
|a 9780816533886
|
| 020 |
|
|
|z 0816503559
|
| 020 |
|
|
|z 9780816503551
|
| 020 |
|
|
|z 0816533881
|
| 035 |
|
|
|a (OCoLC)930995494
|
| 040 |
|
|
|a MdBmJHUP
|c MdBmJHUP
|
| 100 |
1 |
|
|a Bennett, Kenneth A.
|
| 245 |
1 |
4 |
|a The Indians of Point of Pines, Arizona :
|b A Comparative Study of Their Physical Characteristics /
|c [by] Kenneth A. Bennett.
|
| 264 |
|
1 |
|a Tucson,
|b University of Arizona Press,
|c 1973.
|
| 264 |
|
3 |
|a Baltimore, Md. :
|b Project MUSE,
|c 2017
|
| 264 |
|
4 |
|c ©1973.
|
| 300 |
|
|
|a 1 online resource (83 pages):
|b illustrations
|
| 336 |
|
|
|a text
|b txt
|2 rdacontent
|
| 337 |
|
|
|a computer
|b c
|2 rdamedia
|
| 338 |
|
|
|a online resource
|b cr
|2 rdacarrier
|
| 490 |
0 |
|
|a Anthropological papers of the University of Arizona, no. 23
|
| 505 |
0 |
|
|a Preface; Abstract; 1. Introduction; 2. The Skeletal Material ; 3. Stature; 4. Discontinuos Morphological Characteristics; 5. Cranial Anomalies; 6. Dentition; 7. Osteometry; 8. Temporal and Cultural Relationships Between Point of Pines, Pecos, Casas Grandes, and Mesa Verde; 9. Comparative Analysis of the Four Populations; 10. Summary and Conclusions; Appendix: Results of Comparasions of the Separate Measurements Between the Four Populations; References.
|
| 546 |
|
|
|a English.
|
| 588 |
|
|
|a Description based on print version record.
|
| 650 |
|
7 |
|a Indians of North America
|x Anthropometry.
|2 fast
|0 (OCoLC)fst00969644
|
| 650 |
|
7 |
|a Antiquities.
|2 fast
|0 (OCoLC)fst00810745
|
| 650 |
|
7 |
|a SOCIAL SCIENCE
|x General.
|2 bisacsh
|
| 650 |
|
0 |
|a Indians of North America
|x Anthropometry
|z Arizona.
|
| 651 |
|
7 |
|a Arizona
|z San Carlos Indian Reservation.
|2 fast
|0 (OCoLC)fst01256458
|
| 651 |
|
7 |
|a Arizona.
|2 fast
|0 (OCoLC)fst01204820
|
| 651 |
|
6 |
|a Arizona
|x Antiquites.
|
| 651 |
|
0 |
|a San Carlos Indian Reservation (Ariz.)
|x Antiquities.
|
| 651 |
|
0 |
|a Arizona
|x Antiquities.
|
| 655 |
|
7 |
|a Electronic books.
|2 local
|
| 710 |
2 |
|
|a Project Muse.
|e distributor
|
| 830 |
|
0 |
|a Book collections on Project MUSE.
|
| 856 |
4 |
0 |
|z Texto completo
|u https://projectmuse.uam.elogim.com/book/43153/
|
| 945 |
|
|
|a Project MUSE - Custom Collection
|
| 945 |
|
|
|a Project MUSE - Archive Complete Supplement V
|
| 945 |
|
|
|a Project MUSE - Archive Archaeology and Anthropology Supplement V
|